| 000 | 00548nam a2200193 a 4500 | ||
|---|---|---|---|
| 005 | 20140310183155.0 | ||
| 008 | 970101s19uu xx 00 eng d | ||
| 050 |
_aHF 5548.4.S87 _b.P47 1987 |
||
| 100 | _aPerry James | ||
| 245 |
_aUsing Supercalc 4 / _cJames T. Perry , Joseph G. Lateer. |
||
| 260 |
_aIndianapolis,Ind : _bQue Corp, _c1987. |
||
| 300 |
_a527 p., _bill. ; _c24 cm. |
||
| 500 | _aIncludes index. | ||
| 521 | _aIT | ||
| 650 | _aSupercalc 4 | ||
| 650 |
_aBusiness _xComputer programs |
||
| 942 |
_cBK _2lcc _kFOR |
||
| 999 |
_c19744 _d19744 |
||